00429cam a22001337a 4500008004000000082001600040245007100056260004400127300001400171650002000185650004400205650002700249700001900276180718b1963 xxu||||| |||| 00| 0 eng d aF50841 P992 aCommunications and political developementcedited by Lucian W. Pye aNew DelhibRadhakrishna Prakashanc1963 axiv, 381p aCommunications. aPolitics, Practical-Comparitive studies aPolitical developement aPye, Lucain W.